[Event "El Sauzal op 8th"]
[Site "El Sauzal"]
[Date "2007.11.04"]
[Round "8"]
[White "Villavicencio Martinez, Adalberto"]
[Black "Castaneda Gonzalez, Luis"]
[Result "1-0"]
[WhiteElo "2381"]
[BlackElo "2069"]
[PlyCount "36"]
[EventDate "2007.11.03"]
[EventType "swiss (rapid)"]
[EventRounds "9"]
[EventCountry "ESP"]
[SourceTitle "CBM 121 Extra"]
[Source "ChessBase"]
[SourceDate "2008.01.10"]
[SourceVersion "1"]
[SourceVersionDate "2008.01.10"]
[SourceQuality "1"]

1. d4 Nf6 2. Nf3 g6 3. c4 Bg7 4. Nc3 0-0 5. e4 d6 6. Be2 Nbd7 7. 0-0 e5 8. Be3 exd4 9. Nxd4 Re8 10. f3 c6 11. Nc2 Qc7 12. Qd2 a6 13. Rfd1 d5 14. cxd5 cxd5 15. exd5 Ne5 16. d6 Qa5 17. b4 Qd8 18. Na4 Bf5 1-0